Výdavky na vyhľadávanie a posudzovanie ložísk nerastných surovín

Ťažba nerastných surovín sa nielen z hľadiska účtovníctva vyznačuje celým radom špecifík a zvláštností.

Guardado en:
Detalles Bibliográficos
Autor principal: Tumpach, Miloš, 1970-
Formato: Capítulo de libro
Lenguaje:eslovaco
Materias:
Etiquetas: Agregar Etiqueta
Sin Etiquetas, Sea el primero en etiquetar este registro!

MARC

LEADER 00000nla$a2200000$$$4500
001 0128766
005 20240502072458.4
041 0 |a slo 
044 |a SK 
245 1 0 |a Výdavky na vyhľadávanie a posudzovanie ložísk nerastných surovín  |c Miloš Tumpach 
520 |a Ťažba nerastných surovín sa nielen z hľadiska účtovníctva vyznačuje celým radom špecifík a zvláštností. 
610 2 0 |a štandardy účtovné medzinárodné 
610 2 0 |a IFRS 
610 2 0 |a výdavky 
610 2 0 |a suroviny nerastné 
100 1 |a Tumpach, Miloš, 1970-